Creación de libros electrónicos con Adobe InDesign. ARGA002PO / (Record no. 23635)

000 -CABECERA
fixed length control field 01127nam a22002897i 4500
003 - IDENTIFICADOR DEL NÚMERO DE CONTROL
control field AR-CdUCM
008 - DATOS DE LONGITUD FIJA--INFORMACIÓN GENERAL
fixed length control field 260424b20192019sp d|||| |||| 00| 0 spa d
020 ## - NÚMERO INTERNACIONAL ESTÁNDAR DEL LIBRO
ISBN 978-84-9198-621-8
040 ## - FUENTE DE LA CATALOGACIÓN
Agencia/entidad que catalogó originalmente la obra MUNICIPALIDAD PROVINCIAL DEL CUSCO
Entidad que transcribió la catalogación BIBLIOTECA MUNICIPAL DEL CUSCO
082 ## - NÚMERO DE LA CLASIFICACIÓN DECIMAL DEWEY
No. de Clasificación 686.225
Notacion interna P46
100 ## - ENTRADA PRINCIPAL--NOMBRE DE PERSONA
Nombre Personal Pérez Venzalá, Valentín
245 ## - MENCIÓN DE TÍTULO
Título Creación de libros electrónicos con Adobe InDesign. ARGA002PO /
260 ## - PUBLICACIÓN, DISTRIBUCIÓN, ETC.
Lugar de publicación, distribución, etc. España :
Nombre de la editorial, distribuidor, etc. IC Editorial
Fecha de publicación, distribución, etc. 2019
300 ## - DESCRIPCIÓN FÍSICA
Nº de Páginas Extensión 178 páginas. :
Dimensiones 17x24 cm.
500 ## - NOTA GENERAL
Bibliografía Bibliografía : páginas del 177 - 178
505 ## - NOTA DE CONTENIDO CON FORMATO
Nota de contenido formateada El libro electrónico -- La estructura del archivo -- Los reproductores o e-readers -- El formato ePub -- La estructura del ePub -- Creación del documento InDesign -- Imagen para e-book en Photoshop -- Exportar archivo a ePub
650 ## - PUNTO DE ACCESO ADICIONAL DE MATERIA--TÉRMINO DE MATERIA
Descriptor Libros electrónicos
9 (RLIN) 52687
650 ## - PUNTO DE ACCESO ADICIONAL DE MATERIA--TÉRMINO DE MATERIA
Descriptor e-readers
9 (RLIN) 52688
650 ## - PUNTO DE ACCESO ADICIONAL DE MATERIA--TÉRMINO DE MATERIA
Descriptor Formato ePub
9 (RLIN) 52689
650 ## - PUNTO DE ACCESO ADICIONAL DE MATERIA--TÉRMINO DE MATERIA
Descriptor InDesign
9 (RLIN) 52690
650 ## - PUNTO DE ACCESO ADICIONAL DE MATERIA--TÉRMINO DE MATERIA
Descriptor Photoshop
9 (RLIN) 52691
650 ## - PUNTO DE ACCESO ADICIONAL DE MATERIA--TÉRMINO DE MATERIA
Descriptor El DRM
9 (RLIN) 52692
856 ## - LOCALIZACIÓN Y ACCESO ELECTRÓNICOS
Dirección electrónica www.iceditorial.com
942 ## - ELEMENTOS DE PUNTO DE ACCESO ADICIONAL (KOHA)
Fuente de clasificación
Tipo de item Libros-BMC
945 ## - PROCESAMIENTO DE INFORMACIÓN LOCAL (OCLC)
Catalogador esh
AAAA-MM-DD - Fecha de ingreso o modificacion 24-04-2026
Holdings
Estado de retiro (separado) Fuente de clasificación o esquema de estanterías Estado dañado Ubicación Sala donde se ubica Nombre de la colección Fecha de adquisición o compra Fuente de adquisición Costo, precio normal en soles Signatura topográfica Código de Barras Última vez visto (Koha) Tipo de ítem (Koha)
No     Sala Ciencias Sala Ciencias Book Cart 2026-04-24 Donación 80.00 686.225 / P46 SC0000002476 2026-04-24 Libros-BMC

Powered by Koha